ロード中...
Samarpan /
| 第一著者: | |
|---|---|
| 言語: | Undetermined |
| 出版事項: |
Raipur :
Annapoorn Prakashan ,
2011.
|
| LEADER | 00506nam a2200157Ia 4500 | ||
|---|---|---|---|
| 001 | 183224 | ||
| 008 | 170722s9999 xx 000 0 und d | ||
| 020 | |a 9788190559829 | ||
| 100 | |a Patnaik, Shivshankar | ||
| 245 | |a Samarpan / | ||
| 260 | |a Raipur : |b Annapoorn Prakashan , |c 2011. | ||
| 300 | |a 350/- | ||
| 923 | |d 20131007 |n PBC245 | ||
| 942 | |c GEN | ||
| 999 | |c 151658 |d 151658 | ||
| 952 | |0 0 |1 0 |4 0 |6 O_1523N431S_Q1 |7 0 |9 213571 |a LIB |b LIB |d 2013-12-26 |e Professional Book Centre |o O152,3N431,S Q1 |p 293898 |r 2017-08-12 |w 2017-08-12 |y GEN | ||